000
00300nam a2200121Ia 4500
008
190216s9999||||xx |||||||||||||| ||und||
100
_a
Bahl Bs And Arun Bahl
245
0
_a
Text Book Of Organic Chemistry
260
_b
S Chand & Co
_c
1977
300
_a
912p
650
_a
Organic Chemistry
942
_c
BK
999
_c
2508
_d
2508